000 00398nam a22001697a 4500
005 20160627153220.0
008 160627b xxu||||| |||| 00| 0 eng d
020 _a81-7362-423-2
041 _aeng
082 _b10509
100 _aWhelchel, Mary
_92969
245 _aQuite moments for working women
260 _bOM Head ling
_c2002
300 _a268
650 _aManagement
_9241
942 _cBK
999 _c4294
_d4293